Gunnar Myrdal and Black-white relations : (Record no. 188297)
[ view plain ]
| 000 -LEADER | |
|---|---|
| fixed length control field | 00853pam a2200265 a 4500 |
| 001 - CONTROL NUMBER | |
| control field | 3824400 |
| 003 - CONTROL NUMBER IDENTIFIER | |
| control field | BD-DhUL |
| 005 - DATE AND TIME OF LATEST TRANSACTION | |
| control field | 20170419150614.0 |
| 008 - FIXED-LENGTH DATA ELEMENTS--GENERAL INFORMATION | |
| fixed length control field | 860807s1987 laua b s001 0 eng |
| 010 ## - LIBRARY OF CONGRESS CONTROL NUMBER | |
| LC control number | 86020040 |
| 020 ## - INTERNATIONAL STANDARD BOOK NUMBER | |
| International Standard Book Number | 0807113026 |
| 040 ## - CATALOGING SOURCE | |
| Original cataloging agency | DLC |
| Transcribing agency | DLC |
| Modifying agency | DLC |
| -- | BD-DhUL |
| 043 ## - GEOGRAPHIC AREA CODE | |
| Geographic area code | n-us--- |
| 050 00 - LIBRARY OF CONGRESS CALL NUMBER | |
| Classification number | E185.6.M953 |
| Item number | S68 1987 |
| 082 00 - DEWEY DECIMAL CLASSIFICATION NUMBER | |
| Classification number | 305.8 |
| Edition number | 19 |
| Item number | SOU |
| 100 1# - MAIN ENTRY--PERSONAL NAME | |
| Personal name | Southern, David W. |
| 245 10 - TITLE STATEMENT | |
| Title | Gunnar Myrdal and Black-white relations : |
| Remainder of title | the use and abuse of An American dilemma, 1944-1969 / |
| Statement of responsibility, etc. | David W. Southern. |
| 260 ## - PUBLICATION, DISTRIBUTION, ETC. (IMPRINT) | |
| Place of publication, distribution, etc. | Baton Rouge : |
| Name of publisher, distributor, etc. | Louisiana State University Press, |
| Date of publication, distribution, etc. | c1987. |
| 300 ## - PHYSICAL DESCRIPTION | |
| Extent | xviii, 341 p. : |
| Other physical details | ill. ; |
| Dimensions | 24 cm. |
| 500 ## - GENERAL NOTE | |
| General note | Includes index. |
| 504 ## - BIBLIOGRAPHY, ETC. NOTE | |
| Bibliography, etc | Bibliography: p. 311-330. |
| 600 10 - SUBJECT ADDED ENTRY--PERSONAL NAME | |
| Personal name | Myrdal, Gunnar, |
| Dates associated with a name | 1898-1987. |
| Title of a work | American dilemma. |
| 650 #0 - SUBJECT ADDED ENTRY--TOPICAL TERM | |
| Topical term or geographic name as entry element | African Americans. |
| 942 ## - ADDED ENTRY ELEMENTS (KOHA) | |
| Source of classification or shelving scheme | |
| Koha item type | Reference |
| Price effective from | Date last seen | Permanent Location | Not for loan | Date acquired | Source of classification or shelving scheme | Koha item type | Lost status | Withdrawn status | Copy number | Source of acquisition | Collection code | Damaged status | Shelving location | Barcode | Current Location | Full call number |
|---|---|---|---|---|---|---|---|---|---|---|---|---|---|---|---|---|
| 2017-04-19 | 2017-04-19 | Dhaka University Library | Not For Loan | 2017-04-19 | Reference | 1 | Gift | Reference | American Studies Corner | 365551 | Dhaka University Library | 305.8 SOU |
